000 00614nam a2200229Ia 4500
003 BUBTL
008 151213s9999 xx 000 0 und d
041 _aEnglish
082 _a344.046/ K1461e/ 2003
100 _aKaria, Ashwin N.
_95547
245 _aEnvironmental Law/
_cAshwin N. Karia, Sanjay Raja
260 _aIndia
_bC. Jamnadas and Com.
_cc2003
300 _a[ix], 228 p. :
_bill. ;
_c22 cm.
526 _aLaw
650 _aLaw
650 0 _aLaw
_926
650 _a
700 _aSanjay Raja
_95548
856 _k0
_l0
_yDownload
942 _2ddc
_cBK
999 _c3187
_d3187